000 00610nam a2200217Ia 4500
003 GCL
005 20240530102725.0
008 140319s9999 xx 000 0 ara d
040 _aGCL /
_cGCL
082 0 4 _a810.9
_bم ط
100 1 _aمصطفى عبدالغنى
245 1 0 _aطه حسين والسياسة /
_cمصطفى عبدالغنى
260 _a[S.N] :
_bدار المستقبل العربى
300 _a297 ص
650 0 4 _aمصر
650 0 4 _aالاحوال الاجتماعية
650 0 4 _aالسياسة
650 0 4 _aالثقافة
650 0 4 _aطه حسين
942 _2ddc
_cBK
999 _c34314
_d34314